Fr. Conceicao Rodrigues College of Engineering

Emerging Technology (Record no. 36290)

MARC details
000 -LEADER
fixed length control field 00381nam a22001577a 4500
003 - CONTROL NUMBER IDENTIFIER
control field OSt
005 - DATE AND TIME OF LATEST TRANSACTION
control field 20251113101351.0
007 - PHYSICAL DESCRIPTION FIXED FIELD--GENERAL INFORMATION
fixed length control field 230 pages
008 - FIXED-LENGTH DATA ELEMENTS--GENERAL INFORMATION
fixed length control field 251113b |||||||| |||| 00| 0 eng d
020 ## - INTERNATIONAL STANDARD BOOK NUMBER
International Standard Book Number 9789392549151
040 ## - CATALOGING SOURCE
Transcribing agency
082 ## - DEWEY DECIMAL CLASSIFICATION NUMBER
Classification number 670.42
Item number SHA
245 ## - TITLE STATEMENT
Title Emerging Technology
Statement of responsibility, etc. Sharma,Sanjay
260 ## - PUBLICATION, DISTRIBUTION, ETC.
Name of publisher, distributor, etc. khanna Publisher
Date of publication, distribution, etc. 2022
942 ## - ADDED ENTRY ELEMENTS (KOHA)
Source of classification or shelving scheme Dewey Decimal Classification
Koha item type BOOK
Call number prefix 670.42
Call number suffix SHA
Suppress in OPAC No
Holdings
Withdrawn status Lost status Source of classification or shelving scheme Damaged status Not for loan Collection Home library Current library Date acquired Inventory number Total Checkouts Full call number Barcode Date last seen Price effective from Koha item type
    Dewey Decimal Classification     MECHANICAL Fr. Agnel's C.Rodrigues College of Engineering Fr. Agnel's C.Rodrigues College of Engineering 13/11/2025 AO/25/11/676 dt 11.11.2025   670.42/SHA 27001 13/11/2025 13/11/2025 BOOK
    Dewey Decimal Classification     MECHANICAL Fr. Agnel's C.Rodrigues College of Engineering Fr. Agnel's C.Rodrigues College of Engineering 13/11/2025 AO/25/11/676 dt 11.11.2025   670.42/SHA 27002 13/11/2025 13/11/2025 BOOK
    Dewey Decimal Classification     MECHANICAL Fr. Agnel's C.Rodrigues College of Engineering Fr. Agnel's C.Rodrigues College of Engineering 13/11/2025 AO/25/11/676 dt 11.11.2025   670.42/SHA 27003 13/11/2025 13/11/2025 BOOK
    Dewey Decimal Classification     MECHANICAL Fr. Agnel's C.Rodrigues College of Engineering Fr. Agnel's C.Rodrigues College of Engineering 13/11/2025 AO/25/11/676 dt 11.11.2025   670.42/SHA 27004 13/11/2025 13/11/2025 BOOK
    Dewey Decimal Classification     MECHANICAL Fr. Agnel's C.Rodrigues College of Engineering Fr. Agnel's C.Rodrigues College of Engineering 13/11/2025 AO/25/11/676 dt 11.11.2025   670.42/SHA 27005 13/11/2025 13/11/2025 BOOK